anglais corporate - Statistiques

Statistiques générales
  • Ce quiz a été pris 17 fois
  • Le résultat moyen est 4 sur 134
Statistiques - réponses
Hint Réponse % Correct
un compte an account
82%
la publicité advertising
36%
un comptable an accountant
36%
un rdv appointment
27%
une société a company
18%
un prêt a loan
18%
une publicité, une annoce an advertisement
18%
un acheteur buyer
18%
une agence de publicité advertising agency
9%
un réseau a network
9%
une facture an invoice
9%
un emprunteur borrower
9%
obligatoire compulsory
9%
un service department
9%
biens goods
9%
magasin store
9%
interdire to ban
9%
emprunter to borrow
9%
annuler une commande to cancel an order
9%
facturer to invoice
9%
interdiction a ban
0%
une prime a bonus
0%
une agence a branch
0%
une chaine de magasins a chain of stores
0%
un créancier a creditor
0%
un article défectueux a defective item
0%
la publicité mensongère advertising deceptive
0%
le service publicité advertising department
0%
les supports publicitaires, les médias advertising media
0%
le service après-vente after-sales service
0%
l'ordre du jour agenda
0%
une fusion a merger
0%
un intermédiaire a middleman
0%
une demande de renseignements an inquiry/enquiry
0%
une police d'assurance an insurance policy
0%
un associé a partner
0%
une liste de tarifs a pricelist
0%
imprimant a printer
0%
une gamme a product range
0%
un bénéfice a profit
0%
un devis a quotation
0%
le loyer a rent
0%
une politique de vente a sales policy
0%
un échantillon a sample
0%
une étagère a shelf
0%
un commerçant a shopkeeper
0%
un ouvrier qualifié a skilled worker
0%
magasinier a storekeeper
0%
un grève a strike
0%
une filiale a subsidiary
0%
une vente aux enchères auction sale
0%
un retrait a withdrawal
0%
le bilan balance sheet
0%
la faillite bankruptcy
0%
une affaire bargain
0%
prix de soldes bargain sale
0%
conseil d'administration board of directors
0%
les relations d'affaires business connections
0%
une vente liquidation clearance sale
0%
un SA company, public
0%
une plainte complaint
0%
un consommateur consumer
0%
droits de douane customs duties
0%
à des prix réduits cut price
0%
bon de livraison delivery note
0%
un magasin de vente directe d'usine factory outlet
0%
le classement filing
0%
gratuit free of charge
0%
le fret freight
0%
siège social headquarter/head office
0%
par écrit in writing
0%
la production en série mass production
0%
les coûts d'exploitation operating costs
0%
un bon de commande order from
0%
les locaux permises
0%
une SARL private company
0%
les coûts de production production costs
0%
un prospect prospective customer
0%
biens immobiliers real estate
0%
les recettes reciepts
0%
commerce de détail retail trade
0%
prix défient toute concurrence rock-bottom prices
0%
un point de vente sales outlet
0%
les conditions de vente sales terms
0%
congé de maladie sick leave
0%
assurance maladie sickness benefits
0%
prix sacrifiés slashed prices
0%
logiciels software
0%
la bourse stock exchange
0%
rupture de stock stock shortage
0%
un fournisseur supplier
0%
service comptable the accounts department
0%
la direction the management
0%
les services fiscaux the tax authories
0%
avoir un solde créditeur to be in the black
0%
avoir un découvert to be in the red
0%
être surfacturé to be overcharged
0%
être mis en rapport avec quelqu'un to be put in touch with someone
0%
être sous-facturé to be undercharged
0%
encaisser un chèque to cash a cheque
0%
présider une réunion to chair a meeting
0%
contrôler to check
0%
se conformer à to comply with
0%
licencier quelqu'un to dismiss someone
0%
présenter to display
0%
classer to file
0%
remplir to fill in
0%
faire faillite to go bankrupt
0%
accorder un escompte to grant a discount
0%
gérer un problème to handle a problem
0%
tenir une réunion to hold a meeting
0%
pousser les gens à acheter to induce people to buy
0%
se renseinger to inquire/enquire about
0%
prêter de l'argent to lend money
0%
charger to load
0%
administrer to manage
0%
distribuer un produit to market a product
0%
fusionner to merge
0%
emballer to pack
0%
passer une commande to place an order
0%
donner un prix to quote a price
0%
rembourser to refund
0%
louer to rent
0%
solliciter to request
0%
régler une dette to settle debt
0%
expédier to ship
0%
trier to sort
0%
fournir to supply
0%
retirer de l'argent to withdraw money
0%
chiffre d'affaires turnover
0%
prix imbattables unbeatable price
0%
TVA Value added tax
0%
le magasin warehouse
0%
le commerce de gros wholesale trade
0%
Aucun quiz correspondant
Distribution des résultats
% des personnes avec chaque résultat
Percentile par nombre de réponses
Votre historique - résultats
Vous n’avez pas pris ce quiz